Դեռահասի աշխատանքի հիգիենան / (Record no. 135880)
[ view plain ]
| 000 -LEADER | |
|---|---|
| fixed length control field | 00984nam a2200229 u 4500 |
| 001 - CONTROL NUMBER | |
| control field | 000354591 |
| 003 - CONTROL NUMBER IDENTIFIER | |
| control field | AM-YeHGA |
| 005 - DATE AND TIME OF LATEST TRANSACTION | |
| control field | 20250617131432.0 |
| 008 - FIXED-LENGTH DATA ELEMENTS--GENERAL INFORMATION | |
| fixed length control field | 040726s1978 ai r 000 0 arm d |
| 040 ## - CATALOGING SOURCE | |
| Original cataloging agency | AM-YeHGA |
| 041 0# - LANGUAGE CODE | |
| Language code of text/sound track or separate title | arm |
| 090 ## - LOCALLY ASSIGNED LC-TYPE CALL NUMBER (OCLC); LOCAL CALL NUMBER (RLIN) | |
| -- | 137250 |
| 100 1# - MAIN ENTRY--PERSONAL NAME | |
| Personal name | Խաչատրյան, Լիզա Աշոտի |
| 245 10 - TITLE STATEMENT | |
| Title | Դեռահասի աշխատանքի հիգիենան / |
| Statement of responsibility, etc. | Լ.Ա. Խաչատրյան; Մասն. խմբ.՝ Ա. Մ. Հարությունյան; ՀՍՍՀ Առողջապահ. մինիստր. հանրապետ. սանլուստուն. |
| 260 ## - PUBLICATION, DISTRIBUTION, ETC. | |
| Place of publication, distribution, etc. | Երևան : |
| Name of publisher, distributor, etc. | Հայաստան, |
| Date of publication, distribution, etc. | 1978. |
| 300 ## - PHYSICAL DESCRIPTION | |
| Extent | 26 էջ ; |
| Dimensions | 22 սմ. |
| 650 14 - SUBJECT ADDED ENTRY--TOPICAL TERM | |
| Topical term or geographic name entry element | Բժշկություն |
| 650 14 - SUBJECT ADDED ENTRY--TOPICAL TERM | |
| Topical term or geographic name entry element | Հիգիենիկ գիտություններ |
| 650 14 - SUBJECT ADDED ENTRY--TOPICAL TERM | |
| Topical term or geographic name entry element | Աշխատանքի հիգիենա |
| 700 1# - ADDED ENTRY--PERSONAL NAME | |
| Personal name | Հարությունյան, Ա.Մ. |
| Relator term | խմբ. |
| Relationship | edt |
| 710 2# - ADDED ENTRY--CORPORATE NAME | |
| Corporate name or jurisdiction name as entry element | ՀՍՍՀ Առողջապահության մինիստրության հանրապետական սանլուստուն |
| Withdrawn status | Lost status | Damaged status | Not for loan | Collection | Home library | Current library | Date acquired | Total checkouts | Full call number | Barcode | Date last seen | Price effective from | Koha item type | Public note |
|---|---|---|---|---|---|---|---|---|---|---|---|---|---|---|
| General | Fundamental Scientific Library | Fundamental Scientific Library | 22/12/2016 | 331.822 | 220059309 | 22/12/2016 | 22/12/2016 | Գրքեր / Books | 30 Days Loan | |||||
| General | Fundamental Scientific Library | Fundamental Scientific Library | 22/12/2016 | 331.822 | 220060265 | 22/12/2016 | 22/12/2016 | Գրքեր / Books | 30 Days Loan |
ՀՀ Գիտությունների ազգային ակադեմիայի հիմնարար գիտական գրադարան = Fundamental Scientific Library of NAS RA
All site content, except where otherwise noted, is licensed under a